Možnosti využitia lokalizačných služieb v mobilných zariadeniach

Saved in:
Bibliographic Details
Main Author: Tekeľ, Andrej, 1988- (Author)
Other Authors: Mišota, Branislav, 1977- (Thesis advisor)
Format: Manuscript Book
Language:Slovak
Published: Bratislava : STU v Bratislave FEI, 2013
Subjects:
Online Access:VAIS
Tags: Add Tag
No Tags, Be the first to tag this record!

MARC

LEADER 00000ntm a22000003a 4500
001 stu270383
005 20170609101431.9
008 130709s2013----xo------------------slo-d
040 |a STU  |b slo 
041 0 |a slo 
044 |a xo 
100 1 |a Tekeľ, Andrej,  |d 1988-  |4 aut  |u E  |T FEI Fakulta elektrotechniky a informatiky  |X 50858  |U E  |Y 30  |7 A000050858 
242 0 0 |a Potential ways of using Location based services in mobile devices  |y eng 
245 1 |a Možnosti využitia lokalizačných služieb v mobilných zariadeniach 
260 |a Bratislava :  |b STU v Bratislave FEI,  |c 2013 
300 |a 71 s  |c CD-ROOM 
650 7 |a Aplikovaná informatika  |2 stusub 
650 7 |a Applied Infromatics  |2 estusub 
650 7 |a location  |2 estusub 
650 7 |a GPS  |2 stusub 
650 7 |a GPS  |2 estusub 
650 7 |a application  |2 estusub 
650 7 |a GPS  |2 stusub 
650 7 |a GPS  |2 estusub 
650 7 |a aplikácia  |2 stusub 
650 7 |a lokalizácia  |2 stusub 
700 1 |a Mišota, Branislav,  |d 1977-  |4 ths  |u R2020  |U Ostatné univerzitné pracoviská  |T Ústav manažmentu STU  |X 10004  |U R2020  |Y 232  |7 A000010004 
856 4 |a info a plný text  |u http://is.stuba.sk/zp/portal_zp.pl?podrobnosti=81988  |3 VAIS 
996 |b 284EP10501  |c E*DIPL-10501  |l EE35  |s P  |a 0  |w stu270383_0001